| 000 | 00961cam a2200265 a 4500 | ||
|---|---|---|---|
| 999 |
_c7639 _d7639 |
||
| 003 | OSt | ||
| 005 | 20200317114450.0 | ||
| 008 | 120802s2012 dcuab b 001 0 eng | ||
| 020 | _a9781610913751 (pbk. : alk. paper) | ||
| 020 | _a1610913752 (pbk. : alk. paper) | ||
| 040 |
_aDLC _cDLC _dDLC |
||
| 082 | 0 | 0 |
_a625.70286 _223 _bSIP |
| 100 | 1 | _aSipes, James L. | |
| 245 | 1 | 0 |
_aCreating green roadways : _bintegrating cultural, natural, and visual resources into transportation / _cJames L. Sipes and Matthew L. Sipes. |
| 260 |
_aWashington, DC : _bIsland Press, _cc2012. |
||
| 300 |
_axiii, 281 p. : _bill., maps ; _c26 cm. |
||
| 504 | _aIncludes bibliographical references and index. | ||
| 650 | 0 |
_aRoads _xDesign and construction _xHuman factors. |
|
| 650 | 0 | _aContext sensitive solutions (Transportation) | |
| 650 | 0 | _aHighway planning. | |
| 650 | 0 | _aEcological landscape design. | |
| 650 | 0 | _aTraffic safety. | |
| 700 | 1 | _aSipes, Matthew L. | |
| 942 | _2ddc | ||